01018nam a2200229 a 4500001001000000003000500010005001700015008004100032010001100073011001100084040000900095100003200104245021200136260004100348500006000389502010900449650003900558650004600597650003900643700003600682856007000718000115661CHAP20220329144543.0190619s2019 mx a sm |||||||spa d a112122 a113094 cCHAP1 aEncarnación Calva, Pedro.10aDiagnóstico de hongos patógenos en enotipos de semilla de amaranto (Amaranthus spp.) nativas de la región de Puno, Perú /h[En línea]cpor Pedro Encarnación Calva y José Luis Rosillo Sánchez. aChapingo, Méx. :bEl autor,c2019. aPara ver el contenido del material haga clic en la liga aTesis (Ing. Agr. Esp. en Parasitología Agrícola) -- UACH. Departamento de Parasitología Agrícola14aAmarantoxEnfermedades por hongos.14aHongos fitopatógenosxIdentificación.14aSemillasxEnfermedades por hongos.1 aRosillo Sánchez, José Luis. aFinding aiduhttp://10.13.5.2/tesis/sist115661.pdfzTeclea aquí